| 000 | 00384nam a22001337a 4500 | ||
|---|---|---|---|
| 082 |
_a624.15 _bJOH _cL-14, P-107 |
||
| 100 |
_aJohnson, Sidney, M _942390 |
||
| 245 | _aThe desing of foundations for buildings. | ||
| 260 |
_aUSA _bMcGraw-Hill Book Company |
||
| 300 |
_axii, 393p. : _bill. : _c8 Cm |
||
| 526 |
_a0 _b0 _c0 _d624_150000000000000_JOH |
||
| 650 |
_aMCE _9379 |
||
| 942 |
_2ddc _cBK |
||
| 999 |
_c546295 _d546295 |
||